000 00480nam a2200169Ia 4500
999 _c27767
_d27767
003 OSt
005 20201202131503.0
008 190216s9999||||xx |||||||||||||| ||und||
040 _coclc
082 _a894.8123
_bSUR/K
100 _aSurendran, K
_96420
245 0 _aKattu Kurangu /
_cK Surendran
260 _bPoorna Publications,
_c1996.
_aKozhikode:
300 _a350p
650 _aMalayalam Novel
942 _cBK
_2ddc
_h894.8123
_iSUR/K
_k894.8123
_mSUR/K